000 00448pam a2200157 a 4500
020 _a0201825279 (pbk.)
040 _cDLC
082 0 0 _a428 ADD 1995 A024 Or.
100 1 _aWatkins, Dana.
245 1 4 _aThe idiom advantage :
_bfluency in speaking and listening /
260 _aReading, Mass. :
_bAddison-Wesley Pub.,
_cc1995.
300 _axiii, 241 p. :
_bill. ;
_c28 cm.
650 0 _aEnglish language
650 0 _aEnglish language
942 _cEK
999 _c14849
_d14849